Pentadbiran awam Malaysia; jilid 2
| Main Author: | |
|---|---|
| Format: | Book |
| Published: |
Kuala Lumpur :
Golden Books Centre ,
1996
|
| Subjects: |
MARC
| LEADER | 00000cam a2200000 7i4500 | ||
|---|---|---|---|
| 001 | 0000000143 | ||
| 005 | 20000711.0 | ||
| 020 | 0 | 0 | |a 9837203145 |
| 090 | 0 | 0 | |a 351.595 |b WAN 1996 |
| 100 | 0 | 0 | |a WAN Azmi Ramli |c 1939- |
| 245 | 1 | 0 | |a Pentadbiran awam Malaysia; jilid 2 |c Wan Azmi Ramli |
| 260 | 0 | 0 | |a Kuala Lumpur : |b Golden Books Centre , |c 1996 |
| 300 | |a 310 p. ; |c 24 cm. | ||
| 650 | 0 | 0 | |a Public administration |z Malaysia |
| 999 | |a 0000001351 |b Monograph |c Open Shelf |e Default branch | ||